000 01128nam a22003257a 4500
003 CHAP
005 20220329140735.0
008 971013s1994 r 00010 d
010 _a56862
011 _a57834
035 _a61989
040 _cCHAP
090 _aFolleto 14551 v.12
110 _aProcuraduría Agraria. México
_991847
245 _aPrincipales contratos que al amparo de la Ley agraria pueden suscribir los núcleos agrarios, ejidales y comunales con referencia a sus tierras
260 _aMéxico, D.F. :
_bLa Procuraduría,
_c1994
300 _a52 p.
590 _aBATCH-UPD
_b10
_c20130110
_lUCH01
_h0336
590 _aBATCH-UPD
_b10
_c20130110
_lUCH01
_h1728
590 _aCONVERSION
_b10
_c20130109
_lUCH01
_h1331
650 1 4 _aDerecho agrario
_xContratos.
_931870
650 1 4 _aEjidos.
_936002
650 1 4 _aTierras comunales.
_9113271
650 1 4 _aTierras
_xArrendamiento.
_9113092
650 1 4 _aTierras
_xTenencia.
_9113130
901 _aBK
942 _cFOLL
949 _aFolleto 14551 v.12
_bBC
_cFOLL
_d-132960
_eTS1
_i61989
_si
949 _aFolleto 14551 v.12
_bBC
_cFOLL
_d-132961
_eTS2
_fc.2
_i61989
_si
999 _c56862
_d56862